Предписания [Иллариона Васильевича Васильчикова] управляющему Воронежским имением [Г. Ларионову] и черновики писем к разным лица...

Доступно только в Электронных читальных залах Найти на картеНа карте
RUSMARC
00003497nmc2a2200000 x 450
0016f0c787a-ac34-4037-adf5-3f56884d8359
00520151218181720.0
100##$a20150910l18301830k l0rusy0189 ca
1010#$arus
102##$aRU
2001#$aПредписания [Иллариона Васильевича Васильчикова] управляющему Воронежским имением [Г. Ларионову] и черновики писем к разным лицам
$j1830 г.
251##$cДело
300##$aЧерновая тетрадь
801#0$aRU
$bРГИА
$c20150910
$gRCR
801#1$aRU
$bГлавНИВЦ
$c20150910
$2rusmarc
801#2$aRU
$bПБ им. Б.Н. Ельцина
$c20151218
$gRCR
$2rusmarc
850##$aРГИА
852##$aРГИА
$eФедеральное казенное учреждение "Российский государственный исторический архив" (РГИА)
$j1318
937##$hРГИА
$d12148273
$aASBIBLIO_SCAN
462#0$1001822e29f6-cf5c-4253-b938-c1de610979e5
$12001
$aАрхив князей Васильчиковых. 1706-1917 гг.
$1251
$cОпись
$1852
$j1
461#0$1001f72a1ecb-9a9a-44e3-87ff-4a647e6521fe
$12001
$aВасильчиковы, князья
$1251
$cФонд
$1852
$j651
215##$a12 л.
$d36,5х26 см
371##$aДокумент не является опубликованным и широко распространяемым
105##$ay###
1222#$ad
035##$a6f0c787a-ac34-4037-adf5-3f56884d8359
Формат отображения